| 000 | 00546nam a2200193Ia 4500 | ||
|---|---|---|---|
| 008 | 180523s9999 xx 000 0 und d | ||
| 020 | _a1-59139-132-6 | ||
| 050 | _aMAIN HF 5549.5 | ||
| 050 | _b.M63H37 2003 c.1 | ||
| 245 | 0 | _aHarvard business review on motivating people / | |
| 260 | _aBoston, MA : | ||
| 260 | _bHarvard Business School Press, | ||
| 260 | _c2003 | ||
| 300 | _a212 pages : | ||
| 300 | _c21 cm. | ||
| 440 | _aThe Harvard business review paperback series. | ||
| 500 | _aIncludes index. | ||
| 650 | _aEmployee motivation. | ||
| 999 |
_c357170 _d357170 |
||